Trasa Linii 225 (MPK KRAKÓW) - Statystyki

Ogólne statystyki
  • Ten quiz został rozwiązany 3 razy
  • Średni wynik to 9 z 29
Statystyki odpowiedzi
Lp. Ulica Przystanek % Poprawnych
1. Sielska Borek Fałęcki
100%
4. Kąpielowa Kąpielowa
100%
2. (NŻ) Zakopiańska Góra Borkowska
67%
3. Zakopiańska Judyma
67%
6. Kąpielowa Park Zdrojowy
67%
5. (NŻ) Kąpielowa Wilga
67%
7. ChałubńskiegoKąpielowa Merkuriusza Polskiego
33%
17. Ochojno ul. Jagiellońska Ochojno Dąbrówki
33%
18. Ochojno ul. Jagiellońska Ochojno Kamieniec
33%
19. Ochojno ul. Podhalańska Ochojno ul. Jagiellońska Ochojno Skrzyżowanie
33%
10. Myślenicka Sawiczewskich
33%
29. Świątniki Górne ul. Bruchnalskiego Świątniki Górne Urząd Miasta i Gminy
33%
8. ↓ Szybisko Swoszowice Poczta
33%
9. ↑ Myślenicka Swoszowice Szkoła
33%
13. (NŻ) Krzyżańskiego Ukraina
33%
12. Krzyżańskiego Myślenicka Wróblowice
33%
11. Myślenicka Wróblowice Szkoła
33%
15. Wrząsowice ul. Nad Wilgą Wrząsowice Nad Wilgą
33%
16. (NŻ) Wrząsowice ul. Pod Skałą Wrząsowice Pod Skałą
33%
14. Krzyżańskiego Zbydniowice
33%
22. Rzeszotary ul. Piastowska Rzeszotary Dworska
0%
25. (NŻ) Rzeszotary ul. Pod Dębiną Rzeszotary Pod Dębiną
0%
21. (NŻ) Rzeszotary ul. Piastowska Rzeszotary Polanki
0%
20. (NŻ) Rzeszotary Górny Rynek Rzeszotary Remiza
0%
24. (NŻ) Rzeszotary ul. Pod Dębiną Rzeszotary Szkoła
0%
23. (NŻ) Rzeszotary ul. Zagrody Rzeszotary Tempo
0%
27. Świątniki Górne ul. Bielowicza Świątniki Górne Bielowicza Szkoła
0%
28. Świątniki Górne ul. BruchnalskiegoŚwiątniki Górne ul. Bielowicza Świątniki Górne Centrum
0%
26. (NŻ) Świątniki Górne ul. Bielowicza Świątniki Górne Skrzyżowanie
0%
Nie znaleziono quizów pasujących do podanych kryteriów
Rozkład punktacji
Procent ludzi z każdym wynikiem
Percentyl według liczby udzielonych odpowiedzi
Twoja historia wyników
Nie rozwiązałeś tego quizu